000 00469nam a2200145Ia 4500
008 100204s9999 xx 000 0 und d
082 _b1735
100 _aमनोहर अनंत
245 _aउदास हळवे सूर
260 _b"कुलकर्णी गं्रथागार , पुणे"
_c1971
300 _a141
630 _aउदास हळवे सूर
730 _aउदास हळवे सूर
942 _cBOOK
999 _c446890
_d446887